000 01228nam a22002297a 4500
999 _c62789
_d62789
003 Ge_BSU
005 20250214161236.0
008 250214s2025 ge ||||| |||| 00| 0 geo d
020 _a9789941994517
041 _ageo
080 _a338.22 ი-61
245 _aინოვაციური ეკონომიკის განვითარების პერსპექტივები რეგიონში ეკონომიკისა და ბიზნესის გლობალური გამოწვევები /
_cრედ. გ. აბუსელიძე, დ. ბადულესკო.
264 _aთბილისი :
_bსამშობლო,
_c2025.
300 _a512 გვ. ;
_b21 სმ.
504 _aბიბლიოგრ. თავების ბოლოს
653 _aეკონომიკის განითარება
653 _aბიზნესი
653 _aგლობალური გამოწვევები
700 _aაბუსელიძე, გ.
_eრედაქტორი
_924370
700 _aბადულესკო, დ.
_eრედაქტორი
_924371
942 _2udc
_cᲬᲘᲒᲜᲘ